Diseño de pavimento articulado y diseño vial, en el tramo Las Cruces-El Caracol de 5.42 km de longitud en el municipio de Quilali Nueva Segovia
El presente estudio propone el diseño de 5.42 km en el tramo de carretera Las Cruces-El Caracol, utilizando pavimento articulado (adoquín) para lo cual se utilizará el método AASHTO 93, y para el diseño geométrico de la vía se utilizará el manual centro americano de la SIECA.
| Main Authors: | , , |
|---|---|
| Other Authors: | |
| Format: | Tesis Section = Libro |
| Language: | Undetermined Spanish |
| Published: |
Managua
UNI
2019
|
| Subjects: |
| LEADER | 01288nam a2200289Ia 4500 | ||
|---|---|---|---|
| 008 | 240830s9999 xx 000 0 und d | ||
| 040 | |a BIBLIOTECA-RUPAP Mon 625.85 H575 | ||
| 041 | |a spa | ||
| 082 | |a Mon 625.85 H575 | ||
| 100 | 1 | |a Hernández Herrera, Delvin Alberto | |
| 100 | 1 | |b Gutiérrez Moreno, Hellen Bethania | |
| 100 | 1 | |c Monge Moreno, Maryi Anielka | |
| 245 | 1 | 0 | |a Diseño de pavimento articulado y diseño vial, en el tramo Las Cruces-El Caracol de 5.42 km de longitud en el municipio de Quilali Nueva Segovia |
| 260 | |a Managua |b UNI |c 2019 | ||
| 300 | |a 106 p. :il. | ||
| 500 | |a Contiene: anexos y CD. | ||
| 502 | |a Tesis (Ingeniero Civil)- UNI, 2019. | ||
| 520 | 3 | |a El presente estudio propone el diseño de 5.42 km en el tramo de carretera Las Cruces-El Caracol, utilizando pavimento articulado (adoquín) para lo cual se utilizará el método AASHTO 93, y para el diseño geométrico de la vía se utilizará el manual centro americano de la SIECA. | |
| 650 | 7 | |a PAVIMENTOS-DISEÑO-NICARAGUA | |
| 650 | 7 | |b INGENERIA DE CARRETERAS | |
| 650 | 7 | |c CARRETERAS-CLASIFICACION | |
| 650 | 7 | |d PAVIMENTOS-CLASIFICACION | |
| 650 | 7 | |e ANALISIS DE SUELOS | |
| 700 | 1 | |a Tutor: |b Bustamante Arteaga, José Fernando | |
| 942 | |c BK |2 ddc | ||
| 991 | |a TESIS | ||
| 999 | |c 16101 | ||